000 00568nam a2200241Ia 4500
003 OSt
005 20220912145712.0
006 a|||||r|||| 00| 0
007 ta
008 220909b |||||||| |||| 00| 0 eng d
024 _a73708
037 _cTextual
040 _aCSL
_beng
_cCSL
041 _aeng
082 _aLjM85, 121K5 CS
100 _aLupu G H
245 0 _aOmagiu luid nicolac
260 _c1965
300 _ap.
_ccm.
650 _aMedicine
942 _hLjM85, 121K5 CS
_cTEXL
_2CC
999 _c36596
_d36596